<?xml version="1.0" encoding="UTF-8"?>
<record
    xmlns:xsi="http://www.w3.org/2001/XMLSchema-instance"
    xsi:schemaLocation="http://www.loc.gov/MARC21/slim http://www.loc.gov/standards/marcxml/schema/MARC21slim.xsd"
    xmlns="http://www.loc.gov/MARC21/slim">

  <leader>00730nam a2200217Ia 4500</leader>
  <controlfield tag="001">13236</controlfield>
  <controlfield tag="003">GE_BSU</controlfield>
  <controlfield tag="008">181216s||||||||xx |||||||||||||| ||und||</controlfield>
  <datafield tag="040" ind1=" " ind2=" ">
    <subfield code="c">GE_BSU</subfield>
  </datafield>
  <datafield tag="080" ind1=" " ind2=" ">
    <subfield code="a">632</subfield>
  </datafield>
  <datafield tag="100" ind1=" " ind2=" ">
    <subfield code="a">&#x411;&#x435;&#x43B;&#x43E;&#x441;&#x435;&#x43B;&#x44C;&#x441;&#x43A;&#x430;&#x44F;,&#x417;.&#x413;.</subfield>
  </datafield>
  <datafield tag="245" ind1=" " ind2=" ">
    <subfield code="a">&#x412;&#x440;&#x435;&#x434;&#x438;&#x442;&#x435;&#x43B;&#x438; &#x438; &#x431;&#x43E;&#x43B;&#x435;&#x437;&#x43D;&#x438; &#x446;&#x432;&#x435;&#x442;&#x43E;&#x447;&#x43D;&#x44B;&#x445; &#x438; &#x43E;&#x440;&#x430;&#x43D;&#x436;&#x435;&#x440;&#x435;&#x439;&#x43D;&#x44B;&#x445; &#x440;&#x430;&#x441;&#x442;&#x435;&#x43D;&#x438;&#x438;</subfield>
  </datafield>
  <datafield tag="245" ind1=" " ind2=" ">
    <subfield code="c">&#x420;&#x435;&#x434;.&#x41B;.&#x421;.&#x417;&#x438;&#x43C;&#x438;&#x43D;,&#x41E;&#x441;&#x43C;&#x43E;&#x43B;&#x43E;&#x432;&#x441;&#x43A;&#x438;&#x439; &#x413;.&#x415;</subfield>
  </datafield>
  <datafield tag="260" ind1=" " ind2=" ">
    <subfield code="a">&#x41C;&#x43E;&#x441;&#x43A;&#x432;&#x430;</subfield>
  </datafield>
  <datafield tag="260" ind1=" " ind2=" ">
    <subfield code="b">&#x421;&#x435;&#x43B;&#x44C;&#x445;&#x43E;&#x437;&#x433;&#x438;&#x437;</subfield>
  </datafield>
  <datafield tag="260" ind1=" " ind2=" ">
    <subfield code="c">1953</subfield>
  </datafield>
  <datafield tag="300" ind1=" " ind2=" ">
    <subfield code="a">207&#x441;&#x442;&#x440;.20&#x441;&#x43C;.&#x438;&#x43B;&#x43B;.</subfield>
  </datafield>
  <datafield tag="300" ind1=" " ind2=" ">
    <subfield code="c">&#x411;&#x438;&#x431;&#x43B;&#x438;&#x43E;&#x433;&#x440;.&#x441;.201-202</subfield>
  </datafield>
  <datafield tag="653" ind1=" " ind2=" ">
    <subfield code="a">&#x412;&#x440;&#x435;&#x434;&#x438;&#x442;&#x435;&#x43B;&#x438; &#x438; &#x431;&#x43E;&#x43B;&#x435;&#x437;&#x43D;&#x438; &#x446;&#x432;&#x435;&#x442;&#x43E;&#x447;&#x43D;&#x44B;&#x445; &#x438; &#x43E;&#x440;&#x430;&#x43D;&#x436;&#x435;&#x440;&#x435;&#x439;&#x43D;&#x44B;&#x445; &#x440;&#x430;&#x441;&#x442;&#x435;&#x43D;&#x438;&#x438;</subfield>
  </datafield>
  <datafield tag="942" ind1=" " ind2=" ">
    <subfield code="c">BK</subfield>
  </datafield>
  <datafield tag="999" ind1=" " ind2=" ">
    <subfield code="c">46400</subfield>
    <subfield code="d">46400</subfield>
  </datafield>
  <datafield tag="952" ind1=" " ind2=" ">
    <subfield code="0">0</subfield>
    <subfield code="1">0</subfield>
    <subfield code="4">0</subfield>
    <subfield code="7">0</subfield>
    <subfield code="9">60840</subfield>
    <subfield code="d">2018-12-17</subfield>
    <subfield code="p">20820</subfield>
    <subfield code="r">2018-12-17</subfield>
    <subfield code="w">2018-12-17</subfield>
    <subfield code="y">BK</subfield>
  </datafield>
</record>
